00469 a2200121 4500001001000000005001700010008004100027245009700068100003100165700003200196700003000228773008900258ART_1581120260410161918.0260409a 10aInvestigación, docencia y transparencia de la contabilidad social y ambiental en Argentina1 aGarcía Fronti, Inés M.1 aD´Onofrio, Paula Alejandra1 aScavone, Graciela María0 tDocumentos de trabajo de contabilidad socialg- Año 3, Nº 2 (dic. 2010)wREV14388